000 00713nam a2200241 a 4500
008
020 _a0240515994 (pbk.)
049 _aMAIN
090 0 _aP90
245 0 0 _aManaging in the media /
_cPeter Block, editor ... [et al.].
260 _aOxford, UK :
_bFocal Press,
_c2001.
300 _axxiii, 388 p. :
_bill. ;
_c24 cm.
500 _aIncludes index.
504 _aIncludes bibliographical references.
650 0 _aMass media
_xManagement.
650 0 _aMass media
_zGreat Britain
_xManagement.
700 1 _aBlock, Peter.
907 _a.b10134268
_b11-03-08
_c31-08-04
003
005 20230123133815.0
040 _cNUST
942 _cBOOKS
_kP90
999 _c154957
_d154957